Vista normal
Vista MARC
Entrada Topical Term
Número de registros utilizados en: 1
001 - CONTROL NUMBER
- control field: 38948
003 - CONTROL NUMBER IDENTIFIER
- control field: OSt
005 - DATE AND TIME OF LATEST TRANSACTION
- control field: 20210802100957.0
008 - FIXED-LENGTH DATA ELEMENTS
- fixed length control field: 210802|| aca||aabn | a|a d
040 ## - CATALOGING SOURCE
- Original cataloging agency: OSt
- Transcribing agency: OSt
150 ## - HEADING--TOPICAL TERM
- Topical term or geographic name entry element: Bank failures
- General subdivision: Case studies
- General subdivision: Congresses
670 ## - SOURCE DATA FOUND
- Source citation: Work cat.: (OSt)12046: Conference Preventing Bank Crises: Lessons from Recent Global Bank Failures , (1997 : Chicago) 38946, Preventing bank crises :, c1998.